[Event "SUI-ch HT1 118th"]
[Site "Lenzerheide"]
[Date "2018.07.20"]
[Round "9"]
[White "Lo Presti, Max"]
[Black "Mueller, Leonhard"]
[Result "0-1"]
[WhiteElo "1971"]
[BlackElo "2199"]
[PlyCount "64"]
[EventDate "2018.07.12"]
[EventType "swiss"]
[EventRounds "9"]
[EventCountry "SUI"]
[SourceTitle "EXT 2019"]
[Source "ChessBase"]
[SourceDate "2018.10.10"]
[SourceVersion "1"]
[SourceVersionDate "2018.10.10"]
[SourceQuality "1"]

1. e4 g6 2. d4 Bg7 3. Nc3 d6 4. f4 a6 5. Nf3 b5 6. a3 Nd7 7. Be3 Bb7 8. Qd2 c5 9. Bd3 cxd4 10. Bxd4 Bxd4 11. Nxd4 Ngf6 12. Qe2 Qb6 13. Nf3 0-0 14. e5 Nh5 15. g3 dxe5 16. fxe5 Bxf3 17. Qxf3 Nxe5 18. Qe2 Nxd3+ 19. Qxd3 Rad8 20. Qe2 Nf6 21. Qf2 Qxf2+ 22. Kxf2 Rd2+ 23. Ke3 Rxc2 24. Rab1 Rd8 25. Rhd1 Rxd1 26. Rxd1 Rxb2 27. Rd8+ Kg7 28. Ra8 Rb3 29. Kd2 Rxa3 30. Nxb5 Ra2+ 31. Kd3 Rxh2 32. Rxa6 Rg2 0-1

[Event "SUI-ch 117th"]
[Site "Graechen"]
[Date "2017.07.13"]
[Round "1"]
[White "Borsos, Bogdan"]
[Black "Lo Presti, Max"]
[Result "1-0"]
[WhiteElo "2337"]
[BlackElo "1935"]
[PlyCount "71"]
[EventDate "2017.07.13"]
[EventType "swiss"]
[EventRounds "9"]
[EventCountry "SUI"]
[SourceTitle "EXT 2019"]
[Source "ChessBase"]
[SourceDate "2018.10.10"]
[SourceVersion "1"]
[SourceVersionDate "2018.10.10"]
[SourceQuality "1"]

1. Nf3 Nf6 2. g3 d5 3. c4 c6 4. Bg2 Bf5 5. 0-0 e6 6. d3 h6 7. Be3 Be7 8. Qb3 Qc7 9. Nc3 Nbd7 10. cxd5 exd5 11. Rfc1 Be6 12. Nb5 Qd8 13. Nbd4 Qc7 14. Nxe6 fxe6 15. Nd4 Kf7 16. a4 Rhe8 17. a5 a6 18. Bh3 Bd6 19. Bd2 Rac8 20. Qa2 Qd8 21. b4 c5 22. bxc5 Bxc5 23. Qb2 Rc7 24. Rab1 Qc8 25. Nb3 Bd6 26. Rxc7 Qxc7 27. Rc1 Qb8 28. Nd4 Bc5 29. Rb1 Qa7 30. Be3 b5 31. axb6 Qxb6 32. Qa2 Qa7 33. Qa4 Nb6 34. Qc6 Nbd7 35. Rb7 Qa8 36. Bxe6+ 1-0

[Event "SUI-ch U16"]
[Site "Kreuzlingen"]
[Date "2016.07.03"]
[Round "7"]
[White "Walk, David"]
[Black "Lo Presti, Max"]
[Result "1/2-1/2"]
[WhiteElo "1725"]
[BlackElo "1934"]
[PlyCount "44"]
[EventDate "2016.06.30"]
[EventType "swiss"]
[EventRounds "7"]
[EventCountry "SUI"]
[SourceTitle "EXT 2017"]
[Source "ChessBase"]
[SourceDate "2016.10.25"]
[SourceVersion "1"]
[SourceVersionDate "2016.10.25"]
[SourceQuality "1"]

1. c4 e5 2. Nc3 Nc6 3. g3 Nf6 4. Bg2 Bc5 5. Nf3 a6 6. 0-0 0-0 7. d3 h6 8. Rb1 d6 9. Na4 Ba7 10. b4 e4 11. Ne1 Ne5 12. dxe4 Nxc4 13. Qc2 Ne5 14. Nd3 Qe7 15. Nc3 c6 16. Rd1 Be6 17. Nf4 Bc4 18. Ba3 Rfd8 19. Nd3 Be6 20. Nf4 Bc4 21. Nd3 Be6 22. Nf4 Bc4 1/2-1/2

[Event "SUI-ch U16"]
[Site "Kreuzlingen"]
[Date "2016.07.02"]
[Round "5"]
[White "Meier, Lukas"]
[Black "Lo Presti, Max"]
[Result "1-0"]
[WhiteElo "1932"]
[BlackElo "1934"]
[PlyCount "79"]
[EventDate "2016.06.30"]
[EventType "swiss"]
[EventRounds "7"]
[EventCountry "SUI"]
[SourceTitle "EXT 2017"]
[Source "ChessBase"]
[SourceDate "2016.10.25"]
[SourceVersion "1"]
[SourceVersionDate "2016.10.25"]
[SourceQuality "1"]

1. e4 c5 2. b3 e6 3. Bb2 d5 4. exd5 exd5 5. Nf3 Nc6 6. Be2 Nf6 7. 0-0 Bd6 8. d4 0-0 9. Na3 cxd4 10. Nb5 Bc5 11. Nbxd4 Re8 12. Rc1 Qe7 13. Re1 Ne4 14. c4 Nxd4 15. Bxd4 Bb4 16. Rf1 Nd2 17. Nxd2 Qxe2 18. Bc3 Bxc3 19. Rxc3 dxc4 20. Nxc4 Qxa2 21. Qf3 Qa6 22. Rd1 Be6 23. Ne5 Red8 24. Rdc1 Qd6 25. Nd3 Bd5 26. Qg4 Re8 27. Nf4 Bc6 28. Rd1 Qb4 29. Qg3 Qe4 30. Re3 Qf5 31. Red3 Qe4 32. Re3 Qb4 33. Nh5 g6 34. Nf6+ Kg7 35. Nxe8+ Bxe8 36. Rde1 Bc6 37. Re7 Rd8 38. h3 Bd5 39. Qc7 Rf8 40. Qe5+ 1-0

[Event "SUI-ch U16"]
[Site "Kreuzlingen"]
[Date "2016.07.01"]
[Round "4"]
[White "Lo Presti, Max"]
[Black "Lucca, Kevin"]
[Result "0-1"]
[WhiteElo "1934"]
[BlackElo "1956"]
[PlyCount "64"]
[EventDate "2016.06.30"]
[EventType "swiss"]
[EventRounds "7"]
[EventCountry "SUI"]
[SourceTitle "EXT 2017"]
[Source "ChessBase"]
[SourceDate "2016.10.25"]
[SourceVersion "1"]
[SourceVersionDate "2016.10.25"]
[SourceQuality "1"]

1. e4 c5 2. Nf3 d6 3. d4 cxd4 4. Nxd4 Nf6 5. Nc3 a6 6. Bg5 e6 7. f4 Be7 8. Qe2 b5 9. a3 Bb7 10. g4 Qb6 11. Nb3 Nbd7 12. Bg2 h6 13. Bh4 Nxe4 14. Bf2 Nxf2 15. Qxf2 Qxf2+ 16. Kxf2 Bxg2 17. Kxg2 Nf6 18. h3 Rc8 19. Rad1 0-0 20. Rhe1 d5 21. f5 Bxa3 22. fxe6 fxe6 23. Rxe6 Bxb2 24. Nxd5 Rxc2+ 25. Kg1 Nxd5 26. Rxd5 Rff2 27. Nd4 Rg2+ 28. Kh1 Bxd4 29. Rxd4 Rge2 30. Rxe2 Rxe2 31. Rd6 a5 32. Rb6 b4 0-1

[Event "SUI-ch U16"]
[Site "Kreuzlingen"]
[Date "2016.06.30"]
[Round "2"]
[White "Lo Presti, Max"]
[Black "Duong, Yisam"]
[Result "1-0"]
[WhiteElo "1934"]
[BlackElo "1992"]
[PlyCount "37"]
[EventDate "2016.06.30"]
[EventType "swiss"]
[EventRounds "7"]
[EventCountry "SUI"]
[SourceTitle "EXT 2017"]
[Source "ChessBase"]
[SourceDate "2016.10.25"]
[SourceVersion "1"]
[SourceVersionDate "2016.10.25"]
[SourceQuality "1"]

1. e4 e5 2. Nf3 Nc6 3. Nc3 Nf6 4. d4 exd4 5. Nxd4 Bb4 6. Nxc6 bxc6 7. Bd3 0-0 8. 0-0 Re8 9. Bg5 h6 10. Bh4 g5 11. Bg3 Bxc3 12. bxc3 Nxe4 13. Qh5 Kg7 14. Bxe4 Rxe4 15. f4 Qe7 16. fxg5 hxg5 17. h4 gxh4 18. Rf5 Re6 19. Bxh4 1-0

[Event "SUI-ch U16"]
[Site "Kreuzlingen"]
[Date "2016.06.30"]
[Round "1"]
[White "Lo Presti, Max"]
[Black "Goldie, Thomas"]
[Result "0-1"]
[WhiteElo "1934"]
[BlackElo "2171"]
[PlyCount "74"]
[EventDate "2016.06.30"]
[EventType "swiss"]
[EventRounds "7"]
[EventCountry "SUI"]
[SourceTitle "EXT 2017"]
[Source "ChessBase"]
[SourceDate "2016.10.25"]
[SourceVersion "1"]
[SourceVersionDate "2016.10.25"]
[SourceQuality "1"]

1. e4 c5 2. Nf3 e6 3. d4 cxd4 4. Nxd4 a6 5. Nc3 Qc7 6. g3 Bb4 7. Bd2 Nc6 8. Nb3 Nf6 9. Bg2 Be7 10. 0-0 d6 11. f4 0-0 12. g4 h6 13. h4 h5 14. g5 Qb6+ 15. Kh1 Ng4 16. Qe2 Nb4 17. Na4 Qc6 18. Bxb4 Qxa4 19. Bc3 e5 20. f5 Bd7 21. Nc1 Rfd8 22. Bf3 Rac8 23. Nd3 a5 24. Rae1 d5 25. Bxg4 hxg4 26. Nxe5 Bb5 27. Nd3 dxe4 28. b3 Qxa2 29. Ra1 Bxd3 30. Qxg4 Qxc2 31. Bxg7 Be2 32. Qf4 Bxf1 33. Rxf1 Bd6 34. Be5 Bxe5 35. Qxe5 Rd1 36. Rg1 Rxg1+ 37. Kxg1 Qd1+ 0-1

[Event "EU Union-ch U13 12th"]
[Site "Mureck"]
[Date "2014.08.06"]
[Round "8"]
[White "Ochsner, Johan Moller"]
[Black "Lo Presti, Max"]
[Result "0-1"]
[WhiteElo "1588"]
[BlackElo "1648"]
[PlyCount "50"]
[EventDate "2014.07.30"]
[EventType "swiss"]
[EventRounds "9"]
[EventCountry "AUT"]
[SourceTitle "CBM 161 Extra"]
[Source "ChessBase"]
[SourceDate "2014.08.29"]
[SourceVersion "1"]
[SourceVersionDate "2014.08.29"]
[SourceQuality "1"]

1. e4 e5 2. Nf3 Nc6 3. Bb5 a6 4. Ba4 Nf6 5. 0-0 Nxe4 6. d4 b5 7. Bb3 d5 8. dxe5 Be6 9. c3 Bc5 10. Nbd2 0-0 11. Bc2 Nxf2 12. Rxf2 f6 13. exf6 Bxf2+ 14. Kxf2 Qxf6 15. Kg1 Rae8 16. h3 Ne5 17. Nxe5 Qxe5 18. Nf1 Bd7 19. Bd2 c5 20. a3 Qe2 21. Qxe2 Rxe2 22. Rd1 Rff2 23. g4 Bc6 24. Be3 Rg2+ 25. Kh1 d4 0-1

[Event "SUI-ch U14"]
[Site "Cham"]
[Date "2014.07.04"]
[Round "4"]
[White "Lo Presti, Max"]
[Black "Stijve, Theo"]
[Result "1/2-1/2"]
[WhiteElo "1755"]
[BlackElo "1680"]
[PlyCount "75"]
[EventDate "2014.07.03"]
[EventType "swiss"]
[EventRounds "7"]
[EventCountry "SUI"]
[SourceTitle "CBM 161 Extra"]
[Source "ChessBase"]
[SourceDate "2014.08.29"]
[SourceVersion "1"]
[SourceVersionDate "2014.08.29"]
[SourceQuality "1"]

1. e4 e5 2. Bc4 Nf6 3. d3 c6 4. Nf3 Be7 5. c3 d6 6. Nbd2 Nbd7 7. Bb3 0-0 8. Nf1 Re8 9. Ng3 Nf8 10. h3 Be6 11. Ng5 d5 12. Nxe6 fxe6 13. Qe2 Kh8 14. 0-0 Ng6 15. Re1 Qc7 16. Be3 Nf4 17. Qc2 Rad8 18. Rad1 Bd6 19. Kh2 Nd7 20. Ne2 Nc5 21. Kg1 Rf8 22. a3 Qf7 23. Ng3 Qg6 24. Kh1 Be7 25. Rg1 b6 26. Ba2 d4 27. cxd4 exd4 28. Bxf4 Rxf4 29. Rgf1 Bh4 30. b4 Nd7 31. Qxc6 Bxg3 32. fxg3 Qxg3 33. Rxf4 Qxf4 34. Bxe6 Ne5 35. Qc7 Rf8 36. Qc2 Qf6 37. Bb3 Ng4 38. hxg4 1/2-1/2